000 00615nam a2200181 i 4500
001 120588
003 ES-MaACL
005 20230906191600.0
007 t|
008 070214s1912 it r ||||1| ita d
100 1 _aPizzagalli, Angelo Maria.
_992459
245 1 0 _aBuddha e i dogmi del buddhismo /
_cA. M: Pizzagalli.
260 _aRoma :
_b[s. n.],
_c1912 (
_fDireziones della nuova antologia)
300 _a14 p. ;
_c24 cm.
595 _aSeparata de: Nuova Antologia, 1912, 6 luglio.
650 _aBudismo.
_910630
852 _aES-MaACL
_jT-1324-F-1
_z.- Enc. en un vol. facticio
_z.- Ded. manuscrita del autor
999 _c120588
_d120588